| 000 | 00801nam a2200205 i 4500 | ||
|---|---|---|---|
| 001 | 10834 | ||
| 003 | ES-MaACL | ||
| 005 | 20231222063026.0 | ||
| 007 | t| | ||
| 008 | 951113s1994 sp ||||1| spa d | ||
| 080 | _a9.460.12 | ||
| 100 | 1 |
_aGarcía Pérez, Guillermo, _d1942- _955106 |
|
| 245 | 1 | 0 |
_aCovadonga _b: un mito nacionalista católico de origen griego / _cGuillermo García Pérez. |
| 260 |
_aOviedo : _bEl Basilisco, _c1994. |
||
| 300 |
_ap. 81-94 : _bil. ; _c30 cm. |
||
| 500 | _aSeparata fotocopiada de la Revista "El Basilisco" : Revista de Filosofía, Ciencias Humanas, Teoría de la Ciencia y de la Cultura. Segunda Epoca. Número17. Julio-Diciembre 1994. | ||
| 651 | 4 |
_aCovadonga- _xHistoria. _98088 |
|
| 852 |
_aES-MaACL _j2151-F-1 _bR.124391 |
||
| 999 |
_c10834 _d10834 |
||